| 000 | 00400nam a2200145 a 4500 | ||
|---|---|---|---|
| 020 | _a812040338X | ||
| 082 |
_a628.1 _bHAN _cL-23, P-60 |
||
| 100 | 1 |
_aHanda, O.P _944212 |
|
| 245 | 1 |
_aWater well technology _cHanda, O.P |
|
| 260 |
_aBpmbay _bOxford & IBH publishing _c1988 |
||
| 300 |
_axii, 311 p. _bill. _c27 cm |
||
| 526 |
_a0 _b0 _c0 _d628_100000000000000_HAN |
||
| 650 |
_aMCE _9379 |
||
| 942 |
_2ddc _cBK |
||
| 999 |
_c548034 _d548034 |
||